000 00501nam a2200181Ia 4500
008 090124s9999 xx 000 0 und d
082 _b115361
100 _aशेंडे ना.रा.
245 _a काजळी रात्र
250 _a1
260 _c1956
300 _a208
600 _aशेंडे ना.रा.
630 _a काजळी रात्र
700 _aशेंडे ना.रा.
730 _a काजळी रात्र
942 _cBOOK
999 _c161452
_d161452